banner-ar

الغناء والشعر عند الشعوب البدائية / (Record no. 43671)

MARC details
000 -الفاتح
حقل البيانات ثابتة الطول 00637nam a2200193Ia 4500
008 - عناصر البيانات ثابتة الطول - معلومات عامة
حقل البيانات ثابتة الطول 140319s9999 xx 000 0 ara d
040 ## - مصدر الفهرسة
وكالة الفهرسة الأصلية GCL /
وكالة النسخ GCL
082 04 - رقم تصنيف ديوى العشرى
رقم التصنيف 801.951
رقم المادة ب غ
100 1# - المدخل الرئيسى - إسم شخصى
الإسم الشخصى يوسف شلب الشام
245 10 - بيان العنوان
العنوان الغناء والشعر عند الشعوب البدائية /
بيان المسئوليه,etc يوسف شلب الشام
700 1# - المدخل الاضافى - اسم شخصى
الإسم الشخصى بورا، سيرموريس
300 ## - الوصف المادى
التعداد 304ص
490 ## - بيان السلسلة
عنوان السلسلة 100 قصة
رقم المجلد/ التعيين التسلسلي 0
650 04 - المدخل الاضافى بالموضوع-مصطلح موضوعى
مصطلح موضوعي الشعر الغنائى - تاريخ ونقد
650 04 - المدخل الاضافى بالموضوع-مصطلح موضوعى
مصطلح موضوعي الشعر الغنائى - دواوين وقصائد
650 04 - المدخل الاضافى بالموضوع-مصطلح موضوعى
مصطلح موضوعي البدائية فى الفن
942 ## - عناصر المدخل الإضافي( كوها)
مصدر التصنيف او مخطط الترفيف Dewey Decimal Classification
Koha [default] item type كتاب
Holdings
حالة التراجع حالة الفقد حالة تلف ليس للاعارة المكان المؤقت الموقع الحالى تاريخ الاكتساب اجمالي اﻻعارات رقم الطلب الباركود تاريخ اخر مشاهدة تاريخ تفعيل السعر نوع وعاء كوها
        مكتبة القاهرة الكبرى مكتبة القاهرة الكبرى 03/26/2014   801.951\ب غ 105796 03/26/2014 03/26/2014 كتاب
        مكتبة القاهرة الكبرى مكتبة القاهرة الكبرى 03/26/2014   801.951\ب غ 105797 03/26/2014 03/26/2014 كتاب
        مكتبة القاهرة الكبرى مكتبة القاهرة الكبرى 03/26/2014   801.951\ب غ 105798 03/26/2014 03/26/2014 كتاب

Powered By

EGPV